Statistiques concernant League of Legends de A à Z

Cliquez ici pour prendre le quiz!

Statistiques générales

  • Ce quiz a été pris 272 fois
  • Le résultat moyen est 20 sur 26

Statistiques - réponses

LettreIndiceRéponse% Correct
ASérie d'animation dans l'univers de LoLArcane
96%
CPalier le plus élevé dans le mode classéChallenger
96%
BItem qui permet de courir plus viteBottes
93%
NLa principale condition de victoire est de détruire ce bâtimentNexus
93%
SCostume qui modifie l'apparence et les animations d'un championSkin
93%
RDéveloppeur et éditeur de LoLRiot Games
91%
FNom de la carte du mode de jeu principalFaille de l'invocateur
90%
MClasse de champion, généralement jouée sur la midlaneMage
90%
OQuand un champion est fort, on dit aussi qu'il estOP
89%
WCitez un des deux champions commençant par WWarwick | Wukong
88%
QCitez un des deux champions commençant par QQiyana | Quinn
87%
TJeu basé sur Dota Auto Chess disponible sur le client de LoLTeamfight Tactics
84%
UMode de jeu temporaire, où les délais de récupération des sorts sont très courtsUltra Rapid Fire
84%
HCitez un des deux champions commençant par HHecarim | Heimerdinger
81%
JNom de la région situé entre les différentes voiesJungle
79%
XChampion dont la description est : "mage transfiguré de la Shurima antique"Xerath
78%
ZCité-État située en contrebas de PiltoverZaun
77%
KNom du dernier champion sorti en 2022K'Santé
76%
GMonstre neutre qui permettait de récupérer des points de vie lorsqu'on le tuait jusqu'à la fin de la saison 12Gromp
75%
IRégion d'origine d'Irelia et Akali par exempleIonia
73%
YItem ayant un actif donnant de la vitesse de déplacement, Lame Spectre de ...Lame Spectre de {Youmuu}
62%
LJeu de cartes dans l'univers de LoLLegends of Runeterra
62%
PMid laner actuel de Vitality, qui faisait partie de G2 Esports de 2015 à 2020Perkz
52%
EÉquipe vainqueur du championnat du monde 2021Edward Gaming
48%
DAncien mode de jeu supprimé en 2016 qui possédait sa propre carteDominion
41%
VMonstre alternatif au baron Nashor dans la forêt torturéeVilemaw
18%

Distribution des résultats

Percentile par nombre de réponses

% des personnes avec chaque résultat

Votre développement - résultats

Vous n’avez pas pris ce quiz